000 01706nam0a2200337 4500
001 RU\NLR\bibl\1386588
005 20260405202842.0
010 _a5-901444-07-9
_93000
021 _aRU
_b2009-33481
_92019
035 _a(nilc)RSL-KNO-004321214
035 _a(NLR Aleph) 001378651
090 _a1087817
_c1087817
100 _a20090416d2008 |||y0rusy50 ca
101 0 _arus
102 _aRU
105 _aa |||||||||
200 1 _aСибирские пельмени
_eкулинарная повесть
_e[о сибирских пельменях и не только ...]
_fВалерий Новиков
210 _aТобольск
_cИздательский отдел Тюменского благотворительного фонда "Возрождение Тобольска"
_d2008
215 _a118, [1] с.
_cил., фотографии
_d27
300 _aНа авантит. : Пятнадцатилетию общественного благотворительного фонда "Возрождение Тобольска" посвящ.
606 1 _aПельмени
_92079781
_3RU\NLR\auth\661255678
610 2 _aПищевые производства -- Общественное питание. Кулинария -- Мучные блюда -- Иллюстративные издания
686 _aЛ992.2я6
_2rubbk
686 _aЛ924.7
700 1 _4070
_7ca
_8rus
_aНовиков
_bВ. Г.
_cкинорежиссер, писатель
_f1938-
_gВалерий Германович
_973225
_3RU\NLR\AUTH\7790298
801 0 _aRU
_bРГБ
_c20090416
_grcr
801 1 _aRU
_bРГБ
_c20090416
801 2 _aRU
_bNLR
_c20090625
_grcr
942 _cBOOK
980 _aNB